Information systems provision : the contribution of soft systems methodology

Αποθηκεύτηκε σε:
Λεπτομέρειες βιβλιογραφικής εγγραφής
Κύριος συγγραφέας: Stowell, Frank A.
Μορφή: Βιβλίο
Γλώσσα:English
Δημοσίευση: London : New York : McGraw-Hill, c1995
Σειρά:McGraw-Hill information systems, management and strategy series
Θέματα:
Ετικέτες: Προσθήκη ετικέτας
Δεν υπάρχουν, Καταχωρήστε ετικέτα πρώτοι!

MARC

LEADER 00000cam a2200000 i 4500
001 1/74565
008 990603s1995 eng d
020 |a 0-07-707716-4 
035 |l 10049105 
040 |a GR-MY-UA  |b gre  |e aacr 
041 0 |a eng 
082 0 |a 004.21 
100 1 |a Stowell, Frank A. 
245 1 0 |a Information systems provision :  |b the contribution of soft systems methodology /  |c Frank A. Stowell 
260 |a London :   |a New York :   |b McGraw-Hill,   |c c1995 
300 |a xiv, 208 p.;  |b ill.;  |c 25 cm. 
490 1 |a McGraw-Hill information systems, management and strategy series 
500 |a Includes bibliographical references and index 
650 0 0 |a Management information systems. 
650 0 0 |a Computer software  |x Development. 
650 0 0 |a System design. 
830 0 |a McGraw-Hill information systems, management and strategy series 
852 |a INST  |b CHIOS  |e 20000331  |h 004.21 STO  |p 005200018839  |q 005200018839  |t BK  |y 0 
852 |a INST  |b SAMOS  |e 19990603  |h 004.21 STO  |p 005300012921  |q 005300012921  |t BK  |y 0 
901 |a BIBL3-1999-2 
901 |a BIBL2-2000-1 
909 |a Σ  |b 063883 
909 |a Χ  |b 074372 
922 |a 3ΕΛΗ  |b 199901  |c ΚΠΣ  |d GLORY 
970 |z 2000/07/ELIDOC